01190nam a2200301 u 4500001001000000003000900010005001700019008004100036020001500077040002500092082002000117100003100137245011300168260005400281300001700335490002500352500003200377500007300409500002100482505002000503600006500523600004600588650006600634650006800700700005100768700004400819830002500863000019031DO-SdBNP20250307073709.0100524s1986 dr ac r 001 0 spa d a968161996x aDO-SdBNPbspacBNPHU aRD868.44bR457c1 aReyes, Alfonso,d1889-195910aCorrespondencia :b1907 -1914 /cAlfonso Reyes, Pedro Henríquez Ureña; edición José Luis Martínez. aMéxico :bFondo de Cultura Económica,c1986-. av. ;c22 cm.1 aBiblioteca americana aLa biblioteca posee el v. 1 aIncluye referencias bibliográficas y notas al pie de las páginas aIncluye índice0 gv.1.t1907-191414aREYES, ALFONSO,d1889-1959xCORRESPONDENCIAS, MEMORIAS, ETC.10aHenríquez Ureña, Pedro,d1884-1946  4aAutores mexicanosySIGLO XXxCorrespondencias, memorias, etc. 4aAutores dominicanosySIGLO XXxCorrespondencias, memorias, etc.1 aHenríquez Ureña, Pedro,d1884-1946 eed.1 aMartínez, José Luisd1918-2007eed. 0aBiblioteca americana